000 00605nam a2200181 u 4500
001 000324446
003 AM-YeHGA
005 20250618072040.0
008 040406s1999 ai ac|||r|||||000|p|arm|d
040 _aAM-YeHGA
041 0 _aarm
100 0 _aՄերուժան,
_d1940-
_93971
245 1 0 _aՇարքեր :
_bԲանաստեղծություններ /
_cՄերուժան (Մ. Ա. Հովհաննիսյան).
260 _aԵրևան :
_bԱռերեսում-Անի,
_c1999.
300 _a248 էջ :
_b[1] թերթ դիմանկար, նկար. ;
_c20 սմ.
650 1 4 _aՀայ պոեզիա
090 _c122277
999 _c120924
_d120924